000 00812cam a22002893a 4500
001 2197
003 PGUSA
005 20140828083011.0
008 000501s2000||||xxu|||||s|||||000 1 eng d
040 _aPGUSA
_beng
042 _adc
050 4 _aPG
100 1 _aDostoyevsky, Fyodor,
_d1821-1881
245 1 4 _aThe Gambler
_h[electronic resource] /
_cFyodor Dostoyevsky
260 _bProject Gutenberg,
_c2000
500 _aTranslated from Russian.
506 _aPublic domain in the USA.
516 _aElectronic text
653 _aGambling -- Fiction
653 _aFamilies -- Fiction
653 _aChance -- Fiction
653 _aRussians -- Germany -- Fiction
700 1 _aHogarth, C. J.
830 0 _aProject Gutenberg
_v2197
856 4 0 _uhttp://www.gutenberg.org/ebooks/2197
942 _cEB
999 _c231535
_d231535